Dzieła wybrane

Titel: Dzieła wybrane / pod red. Krzysztofa Polechońskiego
Teil: 7. Patrząc wstecz / Ferdynand Goetel
Verfasser:
Ausgabe: Wyd. 2
Veröffentlicht: 2009
Umfang: 275, [19] S. : Ill.
Format: Buch
Sprache: Polnisch
Schriftenreihe/
mehrbändiges Werk:
Dzieła wybrane / pod red. Krzysztofa Polechońskiego ; 7
alle Bände anzeigen
ISBN: 9788360940969 ; 8360940967
Buchumschlag
X
Lokale Klassifikation: 32 5 Fa ; 2 G 1299
alg: 28023785
001A    $03004:11-11-11 
001B    $01999:09-06-23 $t19:36:48.000 
001C    $03004:19-06-13 $t15:41:50.000 
001D    $03004:28-02-12 
001U    $0utf8 
001X    $00 
002@    $0Afu 
003@    $0280237855 
004A    $A978-83-60940-96-9 
004A    $083-60940-96-7 
007A    $0BV035830807 $aBVB 
007G    $0DE020EB7CE74027F97E9FC12579E40032969A 
007T    $0Herdhh219699267+07 
009P    $qapplication/pdf $A2 $3Inhaltsverzeichnis $uhttp://scans.hebis.de/HEBCGI/show.pl?28023785_toc.pdf $mV:DE-603;B:DE-Mb50 
010@    $apol 
011@    $a2009 
021A    $aPatrząc wstecz $hFerdynand Goetel 
028A    $#Goetel, Ferdinand $712940022X $8Goetel, Ferdynand$Z1890-1960 [Tp1] $9123745608 
032@    $aWyd. 2 
034D    $a275, [19] S. 
034M    $aIll. 
036C    $aDzieła wybrane $x17 $hpod red. Krzysztofa Polechońskiego $l7 
036D    $x17 $8Dzieła wybrane / pod red. Krzysztofa Polechońskiego ... $9219699267 
045F    $a900.9438 $eDDC23BSB 
045F/01 $a900 
045F/03 $g438 
045G    $a907.209438 $eDDC23BSB 
045G/01 $a907.2 
045G/03 $g438 

lok: 28023785 24
101B    $013-04-12 $t07:20:53.000 
101C    $028-02-12 
101U    $0utf8 
145Z/01 $a32 5 Fa 
145Z/02 $a2 G 1299 

exp: 28023785 24 1 #EPN
201B/01 $013-04-12 $t07:20:53.000 
201C/01 $011-11-11 
201U/01 $0utf8 
203@/01 $0633227927 
208@/01 $a13-04-12 $bz 
209A/01 $a12.00993 $du $f050 $h12 00993 $x00 
209C/01 $a12.00993 K $h12 00993 K 
209G/01 $a72922484 $x00 
220C/01 $aurb/nie 
244Z/01 $#Goetel, Ferdinand $712940022X $8--Tp1--Goetel, Ferdynand$Z1890-1960 $x01 $9123745608 
247C/01 $8358050-7 Marburg, Bibliothek des Herder-Instituts Marburg $9102600961 

lok: 28023785 66

exp: 28023785 66 1 #EPN
201B/01 $012-03-15 $t10:15:50.000 
201C/01 $012-03-15 
201U/01 $0utf8 
203@/01 $0751614505 
208@/01 $a12-03-15 $bz 
209A/01 $aD 3 Goe/D-7 $du $f000 $x00 
209C/01 $a15/b244 
247C/01 $8618123-5 Darmstadt, Bibliothek des Deutschen Polen-Instituts $9102600902 

lok: 28023785 78

exp: 28023785 78 1 #EPN
201B/01 $019-04-17 $t16:17:55.000 
201U/01 $0utf8 
203@/01 $0792658612 
208@/01 $a12-11-16 $be 
209A/01 $a/ $f000 $x00 
220C/01 $aAnmerkung: *NG 
237A/01 $aweiterführende Signatur(en): Herder-Institut: 12.00993 
244Z/01 $2Trx $#Poola $#Lenkija $#Polija $#Polen Land $#Poland $#Lengyelország $#Poľsko $#Polsko $8--Trx--Polska$gkraj $x01 $9391345966 
244Z/01 $2Trx $8--Trx--Monographie $x02 $9391384546 
245Z/01 $a03.01 $x01 
247C/01 $82080>Marburg/Lahn, Herder-Institut, Forschungsbibliothek, Bibliographieportal $9336309341
LEADER 00000cam a2200000 cc4500
001 280237855
003 DE-603
005 20230609193648.0
007 tu
008 111111s2009 xx |||| | u00||u|pol c
020 |a 9788360940969 
020 |a 8360940967 
035 |a (DE-599)BVBBV035830807 
040 |a DE-603  |b ger  |c DE-603  |d DE-603 
041 |a pol 
082 0 4 |8 1\u  |a 900.9438  |q DE-101  |2 23/BSB 
083 0 |8 2\u  |a 907.209438  |q DE-101  |2 23/BSB 
085 |8 1\u  |b 900 
085 |8 1\u  |z 2  |s 438 
085 |8 2\u  |b 907.2 
085 |8 2\u  |z 2  |s 438 
100 1 |a Goetel, Ferdynand  |d 1890-1960  |0 (DE-603)123745608  |0 (DE-588)12940022X  |2 gnd 
245 0 0 |a Dzieła wybrane  |n 7  |p Patrząc wstecz / Ferdynand Goetel  |c pod red. Krzysztofa Polechońskiego 
250 |a Wyd. 2 
264 0 |c 2009 
300 |a 275, [19] S.  |b Ill. 
773 0 8 |q 17  |w (DE-603)219699267 
856 4 2 |m V:DE-603;B:DE-Mb50  |q application/pdf  |u http://scans.hebis.de/HEBCGI/show.pl?28023785_toc.pdf  |3 Inhaltsverzeichnis 
924 0 |9 Mb 50  |a (DE-603)633227927  |b DE-Mb50  |c HES  |d c  |g 12.00993 
924 0 |9 Ds 123  |a (DE-603)751614505  |b DE-Ds123  |c HES  |d d  |g D 3 Goe/D-7 
924 0 |9 2080  |a (DE-603)792658612  |b DE-2080  |c HES  |d d  |g /